Carregant...

Women writers and Indian diaspora/

Dades bibliogràfiques
Autor principal: Agarwal,Beena
Format: Printed Book
Publicat: New Delhi: Authorspress, 2011.
LEADER 00464nam a22001337a 4500
020 |a 9788172736040 
082 |a IE823.09 AGA/W 
100 |a Agarwal,Beena 
245 |a Women writers and Indian diaspora/  |c Beena Agarwal 
260 |a New Delhi:  |b Authorspress,  |c 2011. 
300 |a 189p. 
942 |c BK 
999 |c 257589  |d 257589 
952 |0 0  |1 0  |4 0  |6 IE_823_090000000000000_AGA_W  |7 0  |9 286773  |a RUS  |b RUS  |c ST1  |d 2012-01-31  |g 0.00  |i 7963  |l 0  |o IE823.09 AGA/W  |p RUS7963  |r 2014-02-14  |w 2014-02-14  |y BK